00785nam a2200181 a 450000100100000000500170001000800410002702000160006804000250008410000340010924501080014326001370025130000200038849000330040883000400044195201050048199900170058600003948520201002031656.0130702s1994 dr 000 0 spa d a84895360704 aDO-SdBNPbspacBNPHU1 aMedina M., Víctor L.96566913aEl gasto público en agua potable y alcantarillado en la República Dominicana /cVíctor L. Medina. aSanto Domingo :bCentro de Ivestigación Económica para el CaribebFondo de las Naciones Unidas para la Infancia (INICEF),c1994. a44 P. ;c22 cm. 1aEnsayos de Economíavno. 6 0aEnsayos de Economíanno. 6965670 0010718PDaPDbPDcCTd2013-07-02iLF1l0o p39485-10r2020-06-25w2020-06-25yLFPDZNo se presta c38975d38975